Minerals information online (Record no. 120501)
[ view plain ]
| 000 -LEADER | |
|---|---|
| fixed length control field | 01168cam a2200181 4500 |
| 001 - CONTROL NUMBER | |
| control field | ##WS134594 |
| 008 - FIXED-LENGTH DATA ELEMENTS--GENERAL INFORMATION | |
| fixed length control field | 060818n 000 0 eng u |
| 035 ## - SYSTEM CONTROL NUMBER | |
| System control number | (Sirsi) u134594 |
| 041 0# - LANGUAGE CODE | |
| Language code of text/sound track or separate title | eng |
| 110 2# - MAIN ENTRY--CORPORATE NAME | |
| Corporate name or jurisdiction name as entry element | British Geological Survey |
| 9 (RLIN) | 1581 |
| 245 00 - TITLE STATEMENT | |
| Title | Minerals information online |
| 520 ## - SUMMARY, ETC. | |
| Summary, etc. | "Minerals information online" is an innovative Internet GIS developed by the British Geological Society's Centre for Sustainable Mineral Development. It offers quick public access to information about mineral resources in the English regions. It enables users to relate minerals information to other forms of land use such as urban areas, nature conservation and transport infrastructure. "Minerals information online" is provided on a regional basis and covers all the regions of England except central London. Geographical information is presented at scales from 1: 2 500 000 to 1: 250. |
| 590 ## - LOCAL NOTE (RLIN) | |
| Local note | IKA220806 |
| 651 #4 - SUBJECT ADDED ENTRY--GEOGRAPHIC NAME | |
| Geographic name | England |
| Chronological subdivision | 886- |
| 690 ## - LOCAL SUBJECT ADDED ENTRY--TOPICAL TERM (OCLC, RLIN) | |
| Topical term or geographic name as entry element | ENVIRONMENTAL AND LAND CONSULTANCY-MINERAL RESOURCE MANAGEMENT-MINERALS SURVEYING |
| 856 40 - ELECTRONIC LOCATION AND ACCESS | |
| Uniform Resource Identifier | <a href="https://www.bgs.ac.uk/mineralsuk/digital%5Fmaps/">https://www.bgs.ac.uk/mineralsuk/digital%5Fmaps/</a> |
| Public note | View the website free of charge at www.bgs.ac.uk... |
| 942 ## - ADDED ENTRY ELEMENTS (KOHA) | |
| Suppress in OPAC | 0 |
| Withdrawn status | Lost status | Source of classification or shelving scheme | Damaged status | Not for loan | Home library | Current library | Shelving location | Date acquired | Total Checkouts | Full call number | Barcode | Date last seen | Copy number | Price effective from | Koha item type |
|---|---|---|---|---|---|---|---|---|---|---|---|---|---|---|---|
| Dewey Decimal Classification | Virtual | Virtual | Online | 18/08/2006 | WEB SITE | 134594-1001 | 06/08/2019 | 1 | 06/08/2019 | Online material |